| 000 | 00434nam a2200121Ia 4500 | ||
|---|---|---|---|
| 008 | 170221s9999 xx 000 0 und d | ||
| 100 | _aJen-Chia Chang | ||
| 245 | 4 | _aThe Effect of Organization’s Innovational Climate on Student’s Creative Self-Efficacy and Innovative Behavior | |
| 245 | _cJen-Chia Chang and Yu-Ling Yang | ||
| 260 | _c2011 | ||
| 650 | _xBusiness | ||
| 856 | _uhttp://www.scienpress.com/Upload/BEJ/Vol%201_1_5.pdf | ||
| 999 |
_c309787 _d309787 |
||